00158nam a22000737a 4500082001500000100001900015245003600034300001400070 a220bTHI/B aThibault, Matt aBible in a nutshell (Malayalam) a168 pages